000 00538nam a2200157 i 4500
001 77209
003 ES-MaACL
005 20230906173123.0
007 t|
008 041007s1969 sp ||||1| spa d
100 1 _aGutiérrez Lasanta, Francisco.
_961171
245 1 0 _aAl cielo por televisión
_b: (meditaciones, pláticas, conferencias sobre verdades eternas) /
_cFrancisco Gutiérrez Lasanta.
260 _a[Zaragoza :
_bTalls. Editoriales "EL Noticiero",
_c1969]
300 _a210 p. ;
_c22 cm.
852 _aES-MaACL
_jC-37152
_bR.69995
999 _c77209
_d77209